00307pab a2200097 454500008003600000100002600036245005000062650002700112650005200139773001800191180718b xxu||||| |||| 00| 0 eng d aAmbedkar, S. Nagendra aUrban local self government in Andhra Pradesh a Local Self Government aMunicipal Corporations - India - Andhra Pradesh aCivic Affairs